Mathematics for economics and business : an interactive introduction /
Salvato in:
| Autore principale: | |
|---|---|
| Natura: | Libro |
| Lingua: | inglese |
| Pubblicazione: |
Malden, MA :
Blackwell Pub.,
2004.
|
| Edizione: | 2nd ed. |
| Soggetti: | |
| Accesso online: | Table of contents |
| Tags: |
Aggiungi Tag
Nessun Tag, puoi essere il primo ad aggiungerne!!
|
MARC
| LEADER | 00000cam a22000004a 4500 | ||
|---|---|---|---|
| 001 | 13251008 | ||
| 003 | MU | ||
| 005 | 20220824075654.0 | ||
| 008 | 030624s2004 maua 001 0 eng | ||
| 010 | |a 2003014252 | ||
| 020 | |a 1405111267 (alk. paper) | ||
| 020 | |a 1405111275 (pbk. : alk. paper) |c Tzs 71,580.50/= | ||
| 040 | |a MUL |c MUL |d MUL |b eng. |e AACR | ||
| 042 | |a pcc | ||
| 050 | 0 | 0 | |a HB135 |b .S573 2004 |
| 082 | 0 | 0 | |a 519.5 SOP |2 22 |b 1 |
| 100 | 1 | |a Soper, Jean. | |
| 245 | 1 | 0 | |a Mathematics for economics and business : |b an interactive introduction / |c Jean Soper. |
| 250 | |a 2nd ed. | ||
| 260 | |a Malden, MA : |b Blackwell Pub., |c 2004. | ||
| 300 | |a xxiv, 404 p.: |b ill. ; |c 26 cm. + |e 1 CD-ROM (4 3/4 in.) | ||
| 500 | |a Includes index. | ||
| 650 | 0 | |a Economics, Mathematical. | |
| 650 | 0 | |a Business mathematics. | |
| 856 | 4 | 1 | |3 Table of contents |u http://www.loc.gov/catdir/toc/ecip045/2003014252.html |
| 906 | |a 7 |b cbc |c orignew |d 1 |e ecip |f 20 |g y-gencatlg | ||
| 942 | |2 ddc |c BK |e 22 |n 0 | ||
| 999 | |c 297 |d 297 | ||